Spoločenská zodpovednosť zvyšuje konkurencieschopnosť organizácie na trhu

Teória participujúcich skupín (teória stakeholders). Pojem spoločenská zodpovednosť podniku a jeho história. Význam spoločenskej zodpovednosti. Implementácia spoločenskej zodpovednosti podniku, využitie dobrých vzťahov k verejnosti.

Salvato in:
Dettagli Bibliografici
Autore principale: Čihovská, Viera
Altri autori: Kováčová, Jana
Natura: Capitolo di libro
Lingua:slovacco
Soggetti:
Tags: Aggiungi Tag
Nessun Tag, puoi essere il primo ad aggiungerne!!

MARC

LEADER 00000naa a2200000 4500
001 0142451
005 20240502072543.5
041 0 |a slo 
044 |a SK 
245 1 0 |a Spoločenská zodpovednosť zvyšuje konkurencieschopnosť organizácie na trhu  |c Viera Čihovská, Jana Kováčová 
520 |a Teória participujúcich skupín (teória stakeholders). Pojem spoločenská zodpovednosť podniku a jeho história. Význam spoločenskej zodpovednosti. Implementácia spoločenskej zodpovednosti podniku, využitie dobrých vzťahov k verejnosti. 
610 2 0 |a trh 
610 2 0 |a zodpovednosť spoločenská 
610 2 0 |a konkurencieschopnosť 
610 2 0 |a skupiny záujmové 
610 2 0 |a podnikanie zodpovedné 
610 2 0 |a podnik 
100 1 |a Čihovská, Viera 
700 1 |a Kováčová, Jana